| 000 | 01031cgm a2200277 4500 | ||
|---|---|---|---|
| 001 | M2143 | ||
| 008 | 090401t1996 xxu||||| |||| 00| 0 eng d | ||
| 035 | _a(Sirsi) u36703 | ||
| 041 | _aeng | ||
| 041 | _aeng | ||
| 050 |
_a346.4104342 _c18 |
||
| 100 | _aPetter, Jeremy | ||
| 245 |
_aResidential tenancies _h[sound recording] |
||
| 260 |
_aLondon _bRICS _c1996 |
||
| 300 | _a1 audio cassette (ca. 60 min.) | ||
| 350 | _a15 | ||
| 490 | _aOwlion Audio Programme | ||
| 520 | _aExplains the varios types of residential tenancy in the private sector, their statutory aspects and outlines the principles of valuation of tenanted residential property. | ||
| 650 | _aPROPERTY-RESIDENTIAL PROPERTY-RESIDENTIAL LANDLORD AND TENANT-RESIDENTIAL TENANCIES | ||
| 690 | _aPROPERTY-RESIDENTIAL PROPERTY-RESIDENTIAL LANDLORD AND TENANT-RESIDENTIAL TENANCIES | ||
| 700 | _aWalker, Jane | ||
| 710 |
_aRoyal Institution of Chartered Surveyors _94900 |
||
| 710 |
_aCollege of Estate Management _9400 |
||
| 942 | _n0 | ||
| 948 | _c04/03/1997 | ||
| 999 |
_c85223 _d85223 |
||